Catálogo

El conflicto colombiano, sus actores y propuestas de paz 1990-2010 / (Registro nro. 26184)

Detalles MARC
000 -LEADER
fixed length control field 00775cam a2200217 i 4500
001 - CONTROL NUMBER
control field 26184
003 - CONTROL NUMBER IDENTIFIER
control field Mx-PuUPA
005 - DATE AND TIME OF LATEST TRANSACTION
control field 20251001143048.0
008 - FIXED-LENGTH DATA ELEMENTS--GENERAL INFORMATION
fixed length control field 140415s2016 cl ad gr 000 0 spa d
020 ## - INTERNATIONAL STANDARD BOOK NUMBER
International Standard Book Number 9789560102775
040 ## - CATALOGING SOURCE
Transcribing agency Mx-PuUPA
041 0# - LANGUAGE CODE
Language code of text/sound track or separate title spa
082 04 - DEWEY DECIMAL CLASSIFICATION NUMBER
Classification number xx
Item number xx
Edition number 23
100 ## - MAIN ENTRY--PERSONAL NAME
Personal name Valenzuela Vilá, Elvira Halina del Rosario
Relator term autor
245 13 - TITLE STATEMENT
Title El conflicto colombiano, sus actores y propuestas de paz 1990-2010 /
Statement of responsibility, etc. Elvira Halina del Rosario Valenzuela Vilá
250 ## - EDITION STATEMENT
Edition statement Primera edición /
Remainder of edition statement marzo
264 #1 - PRODUCTION, PUBLICATION, DISTRIBUTION, MANUFACTURE, AND COPYRIGHT NOTICE
Place of production, publication, distribution, manufacture Santiago de Chile :
Name of producer, publisher, distributor, manufacturer RIL editores,
Date of production, publication, distribution, manufacture, or copyright notice 2016
300 ## - PHYSICAL DESCRIPTION
Extent 373 páginas :
Other physical details ilustraciones, gráficas ;
Dimensions 23 cm
942 ## - ADDED ENTRY ELEMENTS (KOHA)
Source of classification or shelving scheme Dewey Decimal Classification
Koha item type Libro
Classification part xx
Item part xx
Existencias
Withdrawn status Lost status Source of classification or shelving scheme Damaged status Not for loan Collection code Home library Current library Shelving location Date acquired Source of acquisition Total Checkouts Full call number Barcode Price effective from Koha item type
    Dewey Decimal Classification   En catalogación General Biblioteca Karol Wojtyla Biblioteca Karol Wojtyla Procesos técnicos 03/12/2013 Donación   xx 48692 03/12/2013 Libro